[Event "Svetla nad Sazavou Mares Memorial"]
[Site "Svetla nad Sazavou"]
[Date "2023.12.29"]
[Round "4"]
[White "Linhart, Jaroslav"]
[Black "Starek, Stanislav"]
[Result "0-1"]
[WhiteElo "1777"]
[BlackElo "2142"]
[PlyCount "119"]
[EventDate "2023.12.29"]
[EventType "swiss"]
[EventRounds "9"]
[EventCountry "CZE"]
[SourceTitle "CB02_2024"]
[SourceDate "2024.01.10"]
[SourceVersion "1"]
[SourceVersionDate "2024.01.10"]
[SourceQuality "1"]

1. e4 c5 2. Nf3 Nc6 3. Bb5 d6 4. 0-0 e5 5. c3 Bg4 6. d3 Be7 7. h3 Bh5 8. Be3 Qb6 9. Bxc6+ Qxc6 10. Nbd2 Nf6 11. Qc2 0-0 12. Rac1 Rac8 13. Rfe1 Ne8 14. g4 Bg6 15. Nf1 c4 16. Ng3 Nc7 17. d4 f6 18. Nh4 Qe8 19. Nhf5 Ne6 20. Rcd1 Ng5 21. Kg2 Bxf5 22. exf5 d5 23. Bxg5 fxg5 24. Rxe5 Qd7 25. Rde1 Bd6 26. Re6 b5 27. Qe2 a5 28. Nh5 b4 29. f6 g6 30. Ng3 a4 31. Qf3 Bxg3 32. Qxg3 a3 33. bxa3 bxa3 34. Qe5 Rf7 35. Re7 Rxe7 36. Qxe7 Qxe7 37. Rxe7 Rb8 38. Ra7 Rb2 39. Rxa3 Kf7 40. Ra7+ Kxf6 41. a4 Rb3 42. a5 Rxc3 43. a6 Ra3 44. Rxh7 Rxa6 45. Rc7 Ke6 46. Kg3 Ra3+ 47. f3 Rd3 48. Rc6+ Kf7 49. h4 gxh4+ 50. Kxh4 Rxd4 51. Kg5 Rd3 52. f4 c3 53. Rxg6 d4 54. Rc6 Rd2 55. Kf5 c2 56. g5 d3 57. g6+ Ke7 58. g7 Rg2 59. Rc7+ Kd6 60. Rc8 0-1

[Event "CZE-chT1W 2223"]
[Site "Czech Republic"]
[Date "2023.02.26"]
[Round "9.5"]
[White "Starek, Stanislav"]
[Black "Pribyl, Josef"]
[Result "0-1"]
[WhiteElo "2219"]
[BlackElo "2217"]
[PlyCount "92"]
[EventDate "2022.10.09"]
[EventType "team-tourn"]
[EventRounds "11"]
[EventCountry "CZE"]
[SourceTitle "CBM 213 Extra"]
[Source "ChessBase"]
[SourceDate "2023.05.31"]
[SourceVersion "1"]
[SourceVersionDate "2023.05.31"]
[SourceQuality "1"]
[WhiteTeam "Ricany Betsys"]
[BlackTeam "Praha DP EA Hotels II"]
[WhiteTeamCountry "CZE"]
[BlackTeamCountry "CZE"]

1. d4 Nf6 2. Nc3 d5 3. Bf4 g6 4. Qd2 c6 5. f3 b5 6. 0-0-0 Nbd7 7. h4 h5 8. Nh3 Nb6 9. e4 b4 10. Nb1 dxe4 11. Ng5 exf3 12. gxf3 Bg7 13. Be5 0-0 14. Bd3 a5 15. Qh2 Nbd5 16. Rhg1 a4 17. Nxf7 Rxf7 18. Bxg6 Bh6+ 19. Nd2 Rg7 20. Bxh5 Nxh5 21. Bxg7 Bxg7 22. Qe5 Qe8 23. Rg5 Kf8 24. Qe4 Nhf6 25. Qe5 Bh6 26. Ne4 Qh5 27. f4 Qxh4 28. Nxf6 Qxf4+ 29. Qxf4 Nxf4 30. Nh7+ Kf7 31. Rf1 Bxg5 32. Nxg5+ Kg6 33. Rxf4 Kxg5 34. Rf8 Bb7 35. Rf7 Re8 36. Kd2 Bc8 37. Rf3 Be6 38. a3 b3 39. Re3 Bd5 40. c3 Rh8 41. Kd3 Rh2 42. c4 Bf7 43. Kc3 Rc2+ 44. Kb4 Rxb2 45. Kxa4 Rd2 46. Kxb3 Rxd4 0-1

[Event "CZE-chT1W 2223"]
[Site "Czech Republic"]
[Date "2023.02.12"]
[Round "8.4"]
[White "Fencl, Pavel"]
[Black "Starek, Stanislav"]
[Result "0-1"]
[WhiteElo "2020"]
[BlackElo "2219"]
[PlyCount "31"]
[EventDate "2022.10.09"]
[EventType "team-tourn"]
[EventRounds "11"]
[EventCountry "CZE"]
[SourceTitle "CBM 213 Extra"]
[Source "ChessBase"]
[SourceDate "2023.05.31"]
[SourceVersion "1"]
[SourceVersionDate "2023.05.31"]
[SourceQuality "1"]
[WhiteTeam "Lysa nad Labem II"]
[BlackTeam "Ricany Betsys"]
[WhiteTeamCountry "CZE"]
[BlackTeamCountry "CZE"]

1. c4 Nf6 2. Nc3 d5 3. d4 e6 4. g3 dxc4 5. Qa4+ Nc6 6. Nf3 Bb4 7. a3 Bxc3+ 8. bxc3 Qd5 9. Bg2 b5 10. Qc2 Bb7 11. Bf4 0-0 12. Bxc7 a5 13. 0-0 Rfc8 14. Ne5 Qxg2+ 15. Kxg2 Nxd4+ 16. Nf3 0-1

[Event "CZE-chT2A 2223"]
[Site "Czech Republic"]
[Date "2023.01.08"]
[Round "6.3"]
[White "Bartos, Jan"]
[Black "Starek, Stanislav"]
[Result "1/2-1/2"]
[WhiteElo "2114"]
[BlackElo "2229"]
[PlyCount "24"]
[EventDate "2022.10.16"]
[EventType "team-tourn"]
[EventRounds "11"]
[EventCountry "CZE"]
[SourceTitle "EXT 2024"]
[Source "ChessBase"]
[SourceDate "2023.10.10"]
[SourceVersion "1"]
[SourceVersionDate "2023.10.10"]
[SourceQuality "1"]
[WhiteTeam "Unichess"]
[BlackTeam "Budejovice"]
[WhiteTeamCountry "CZE"]
[BlackTeamCountry "CZE"]

1. d4 g6 2. e4 Bg7 3. c4 e5 4. dxe5 Bxe5 5. Nf3 Bg7 6. Bd3 Ne7 7. 0-0 0-0 8. Nc3 d6 9. Bg5 Be6 10. Qd2 Nd7 11. Nd5 Bxd5 12. cxd5 Re8 1/2-1/2

[Event "CZE-chT1W 2122"]
[Site "Czech Republic"]
[Date "2022.03.27"]
[Round "11.4"]
[White "Starek, Stanislav"]
[Black "Petr, Jakub"]
[Result "0-1"]
[WhiteElo "2208"]
[BlackElo "2236"]
[PlyCount "56"]
[EventDate "2021.10.10"]
[EventType "team-tourn"]
[EventRounds "11"]
[EventCountry "CZE"]
[SourceTitle "EXT 2023"]
[Source "ChessBase"]
[SourceDate "2022.10.05"]
[SourceVersion "1"]
[SourceVersionDate "2022.10.05"]
[SourceQuality "1"]
[WhiteTeam "Ricany Betsys"]
[BlackTeam "Vlasim Spartak"]
[WhiteTeamCountry "CZE"]
[BlackTeamCountry "CZE"]

1. d4 Nf6 2. Nf3 d5 3. Bf4 e6 4. e3 Bd6 5. Ne5 0-0 6. Bd3 c5 7. c3 Nc6 8. Nd2 Ne7 9. Bg5 Ne8 10. Qh5 g6 11. Qh4 f6 12. Bh6 Ng7 13. Ng4 Ngf5 14. Qh3 Nxh6 15. Nxh6+ Kg7 16. g4 cxd4 17. cxd4 e5 18. dxe5 fxe5 19. 0-0-0 Nc6 20. Rhg1 Nb4 21. Nb3 Rxf2 22. Kb1 e4 23. Rdf1 Nxd3 24. Nd4 Bd7 25. Nhf5+ Bxf5 26. gxf5 Rxb2+ 27. Ka1 Rxa2+ 28. Kxa2 Qa5+ 0-1

[Event "EU-ch Blitz"]
[Site "Katowice"]
[Date "2021.12.17"]
[Round "9"]
[White "Madej, Marek"]
[Black "Starek, Stanislav"]
[Result "1-0"]
[WhiteElo "2017"]
[BlackElo "2198"]
[PlyCount "115"]
[EventDate "2021.12.17"]
[EventType "swiss (blitz)"]
[EventRounds "22"]
[EventCountry "POL"]
[SourceTitle "CBM 205 Extra"]
[Source "ChessBase"]
[SourceDate "2022.01.31"]
[SourceVersion "1"]
[SourceVersionDate "2022.01.31"]
[SourceQuality "1"]

1. f4 Nf6 2. Nf3 g6 3. e3 Bg7 4. Be2 0-0 5. 0-0 d6 6. d4 b6 7. b3 Bb7 8. Bb2 Nbd7 9. Nbd2 c5 10. c3 Ne4 11. Nxe4 Bxe4 12. Nd2 Bb7 13. e4 f5 14. e5 cxd4 15. cxd4 dxe5 16. fxe5 b5 17. Nf3 a6 18. Ng5 Qb6 19. Kh1 h6 20. Nh3 e6 21. a4 Rfd8 22. Bf3 Nxe5 23. Bxb7 Qxb7 24. Qe2 Nf7 25. Qxe6 Rd6 26. Qe2 bxa4 27. bxa4 Bxd4 28. Bxd4 Rxd4 29. Nf4 Kh7 30. Rab1 Qd7 31. Rb6 Re8 32. Qf2 Rd6 33. a5 Re4 34. h3 g5 35. Nh5 Kg6 36. Ng3 Rf4 37. Qe2 Rxf1+ 38. Qxf1 f4 39. Qb1+ Kg7 40. Nf5+ Kf6 41. Nxd6 Nxd6 42. Qb4 Ke7 43. Rxa6 Qc7 44. Rxd6 Qxd6 45. Qxd6+ Kxd6 46. Kg1 Kc5 47. Kf2 Kb5 48. Kf3 Kxa5 49. Kg4 Kb4 50. Kh5 Kc3 51. Kxh6 g4 52. hxg4 Kd3 53. g5 Ke3 54. g6 Kf2 55. g7 Kxg2 56. g8Q+ Kf2 57. Kg5 f3 58. Kf4 1-0

[Event "EU-ch Blitz"]
[Site "Katowice"]
[Date "2021.12.17"]
[Round "18"]
[White "Starek, Stanislav"]
[Black "Bernadskiy, Vitaliy"]
[Result "0-1"]
[WhiteElo "2198"]
[BlackElo "2599"]
[PlyCount "86"]
[EventDate "2021.12.17"]
[EventType "swiss (blitz)"]
[EventRounds "22"]
[EventCountry "POL"]
[SourceTitle "CBM 205 Extra"]
[Source "ChessBase"]
[SourceDate "2022.01.31"]
[SourceVersion "1"]
[SourceVersionDate "2022.01.31"]
[SourceQuality "1"]

1. d4 Nf6 2. Nf3 g6 3. Nc3 d6 4. Bg5 Nbd7 5. Qd2 h6 6. Bf4 c5 7. e3 Nh5 8. Bg3 Bg7 9. Be2 0-0 10. Bh4 b6 11. g4 Nhf6 12. g5 hxg5 13. Bxg5 Bb7 14. Rg1 a6 15. d5 b5 16. h4 b4 17. Nd1 Bxd5 18. e4 Bxe4 19. Bh6 Bxf3 20. Bxf3 Ne5 21. Bh1 Qd7 22. Bxg7 Kxg7 23. Ne3 d5 24. f4 Nc6 25. h5 d4 26. hxg6 dxe3 27. gxf7+ Kxf7 28. Qxd7 Nxd7 29. Bxc6 Rad8 30. Bxd7 Rxd7 31. Ke2 Rd2+ 32. Kxe3 Rxc2 33. Rgc1 Rxb2 34. Rxc5 Rh8 35. Rf5+ Ke8 36. Rc1 Rh3+ 37. Ke4 Ra3 38. Rc8+ Kd7 39. Ra8 Raxa2 40. Ra7+ Kc6 41. Re5 Re2+ 42. Kf5 Rxe5+ 43. fxe5 b3 0-1

[Event "EU-ch Blitz"]
[Site "Katowice"]
[Date "2021.12.17"]
[Round "12"]
[White "Wilk, Krzysztof"]
[Black "Starek, Stanislav"]
[Result "1-0"]
[WhiteElo "2121"]
[BlackElo "2198"]
[PlyCount "61"]
[EventDate "2021.12.17"]
[EventType "swiss (blitz)"]
[EventRounds "22"]
[EventCountry "POL"]
[SourceTitle "CBM 205 Extra"]
[Source "ChessBase"]
[SourceDate "2022.01.31"]
[SourceVersion "1"]
[SourceVersionDate "2022.01.31"]
[SourceQuality "1"]

1. b4 d5 2. Bb2 a5 3. e3 c6 4. Bd4 Qc7 5. Nf3 Nd7 6. bxa5 Rxa5 7. c4 Ngf6 8. Be2 e5 9. Bc3 Ra8 10. 0-0 Bd6 11. cxd5 cxd5 12. h3 0-0 13. d3 Nc5 14. Bb4 Rd8 15. Nbd2 e4 16. dxe4 Ncxe4 17. Nxe4 dxe4 18. Bxd6 Rxd6 19. Nd4 Ra5 20. Rc1 Qd8 21. Qb3 Nd5 22. Bc4 Bxh3 23. gxh3 Qg5+ 24. Kh2 Qe5+ 25. f4 exf3+ 26. Kh1 Rh6 27. Rxf3 Ne7 28. Qxb7 Rf6 29. Rxf6 gxf6 30. Rg1+ Ng6 31. Qxf7+ 1-0

[Event "CZE-ch Betsys Online Blitz"]
[Site "Chess.com INT"]
[Date "2021.04.17"]
[Round "12"]
[White "Starek, Stanislav"]
[Black "Vesselovsky, Serguei"]
[Result "1-0"]
[WhiteElo "2225"]
[BlackElo "2316"]
[PlyCount "61"]
[EventDate "2021.04.17"]
[EventType "swiss (blitz)"]
[EventRounds "13"]
[EventCountry "CZE"]
[SourceTitle "CBM 201 Extra"]
[Source "ChessBase"]
[SourceDate "2021.05.31"]
[SourceVersion "1"]
[SourceVersionDate "2021.05.31"]
[SourceQuality "1"]

1. d4 c5 2. dxc5 e6 3. Nf3 Bxc5 4. e3 Nf6 5. Bd3 d5 6. 0-0 0-0 7. Nbd2 Nc6 8. b3 e5 9. e4 Bg4 10. Bb2 Nd4 11. exd5 Qxd5 12. Bc4 Qd6 13. c3 Nxf3+ 14. Nxf3 Qc7 15. Be2 Rad8 16. Qc2 e4 17. Ng5 e3 18. c4 Rd7 19. Bxf6 g6 20. Bxg4 Rd2 21. Qe4 Rxf2 22. Bd4 Rxf1+ 23. Rxf1 e2 24. Bxe2 Qb6 25. Nf3 Rd8 26. Bxc5 Qxc5+ 27. Kh1 h6 28. Ne5 Re8 29. Rxf7 Qxe5 30. Qxg6+ Kh8 31. Qh7# 1-0

[Event "Mestre Sheraton op-A 1st"]
[Site "Mestre"]
[Date "2021.02.28"]
[Round "4"]
[White "Starek, Stanislav"]
[Black "Barp, Alberto"]
[Result "0-1"]
[WhiteElo "2232"]
[BlackElo "2361"]
[PlyCount "92"]
[EventDate "2021.02.26"]
[EventType "swiss"]
[EventRounds "5"]
[EventCountry "ITA"]
[SourceTitle "EXT 2022"]
[Source "ChessBase"]
[SourceDate "2021.10.06"]
[SourceVersion "1"]
[SourceVersionDate "2021.10.06"]
[SourceQuality "1"]

1. e4 e5 2. Nf3 Nc6 3. Bc4 Bc5 4. b4 Bxb4 5. c3 Be7 6. d4 Na5 7. Be2 d6 8. dxe5 dxe5 9. Qa4+ c6 10. Nxe5 Nf6 11. 0-0 b5 12. Qc2 Qc7 13. f4 0-0 14. a4 Nb7 15. Be3 Bc5 16. Bxc5 Nxc5 17. axb5 cxb5 18. Nd2 Bb7 19. Bf3 Ne6 20. g3 Rfc8 21. Qa2 Qb6+ 22. Rf2 Rxc3 23. Nxf7 Rxf3 24. Nxf3 Nxe4 25. f5 Nxf2 26. Qxf2 Qxf2+ 27. Kxf2 Nc5 28. N7e5 a5 29. Rc1 Rc8 30. Ke3 Nd7 31. Rd1 Nxe5 32. Nxe5 Bc6 33. Nxc6 Rxc6 34. Rd5 Rb6 35. Kd4 a4 36. Kc5 Rb7 37. Rd8+ Kf7 38. Kc6 Ra7 39. Kxb5 a3 40. Rd1 a2 41. Ra1 Kf6 42. Kc4 Kxf5 43. h3 Ke4 44. g4 g5 45. Kb3 Kf3 46. Kb2 Kg2 0-1

[Event "Mestre Sheraton op-A 1st"]
[Site "Mestre"]
[Date "2021.02.27"]
[Round "3"]
[White "Tramalloni, Luca"]
[Black "Starek, Stanislav"]
[Result "0-1"]
[WhiteElo "1980"]
[BlackElo "2232"]
[PlyCount "100"]
[EventDate "2021.02.26"]
[EventType "swiss"]
[EventRounds "5"]
[EventCountry "ITA"]
[SourceTitle "EXT 2022"]
[Source "ChessBase"]
[SourceDate "2021.10.06"]
[SourceVersion "1"]
[SourceVersionDate "2021.10.06"]
[SourceQuality "1"]

1. d4 d5 2. Nf3 Nc6 3. e3 Bg4 4. Nbd2 e5 5. dxe5 Nxe5 6. Be2 Bxf3 7. Nxf3 Bd6 8. Bd2 Nf6 9. Bc3 Qe7 10. Nxe5 Bxe5 11. Bxe5 Qxe5 12. Qd4 Qxd4 13. exd4 Kd7 14. Bd3 Rhe8+ 15. Kd2 Ne4+ 16. Bxe4 Rxe4 17. c3 Rae8 18. Rhe1 R4e6 19. f3 h5 20. Rxe6 Rxe6 21. Re1 Rg6 22. Re2 h4 23. Ke1 Ra6 24. a3 Rb6 25. Kd1 a5 26. a4 Rg6 27. Kd2 b6 28. Kd3 c5 29. Kd2 Kc6 30. Kd3 Rf6 31. Re3 Rg6 32. Re2 f5 33. b3 Kd6 34. Kd2 f4 35. h3 c4 36. bxc4 dxc4 37. Kc2 b5 38. axb5 Rg5 39. Kb2 Rxb5+ 40. Ka2 Rb3 41. Rc2 Kc6 42. Rc1 a4 43. Rc2 a3 44. Ka1 Kb5 45. Ka2 Ka4 46. Ka1 Rb6 47. Ka2 Re6 48. Rd2 Re3 49. Rc2 Rd3 50. Re2 Rxc3 0-1

[Event "Mestre Sheraton op-A 1st"]
[Site "Mestre"]
[Date "2021.02.26"]
[Round "1"]
[White "Pegno, Mattia"]
[Black "Starek, Stanislav"]
[Result "1/2-1/2"]
[WhiteElo "1941"]
[BlackElo "2232"]
[PlyCount "77"]
[EventDate "2021.02.26"]
[EventType "swiss"]
[EventRounds "5"]
[EventCountry "ITA"]
[SourceTitle "EXT 2022"]
[Source "ChessBase"]
[SourceDate "2021.10.06"]
[SourceVersion "1"]
[SourceVersionDate "2021.10.06"]
[SourceQuality "1"]

1. e4 c5 2. Nf3 Nc6 3. d4 cxd4 4. Nxd4 Nf6 5. Nc3 g6 6. Be3 Bg7 7. Be2 0-0 8. Nb3 a6 9. a4 d6 10. 0-0 Be6 11. f4 Rc8 12. Bf3 Bxb3 13. cxb3 Qa5 14. Rc1 Rfd8 15. Kh1 e6 16. Rf2 Nb4 17. Rd2 Ne8 18. f5 gxf5 19. exf5 d5 20. fxe6 fxe6 21. Bg5 Rd6 22. Bf4 Rdc6 23. Qe1 Qd8 24. Rcd1 Qf6 25. Bg3 Nd6 26. Bxd6 Rxd6 27. Ne4 dxe4 28. Rxd6 exf3 29. Qxb4 fxg2+ 30. Kg1 Rf8 31. Qe1 Qxb2 32. Qxe6+ Kh8 33. R6d2 Bd4+ 34. Kxg2 Rf2+ 35. Kh1 Rxd2 36. Qc8+ Kg7 37. Qg4+ Kh8 38. Qc8+ Kg7 39. Qg4+ 1/2-1/2

[Event "CZE-chT2C 1920"]
[Site "Czech Republic"]
[Date "2020.02.09"]
[Round "8.2"]
[White "Vedral, Oldrich"]
[Black "Starek, Stanislav"]
[Result "1-0"]
[WhiteElo "2254"]
[BlackElo "2217"]
[PlyCount "91"]
[EventDate "2019.10.13"]
[EventType "team-tourn"]
[EventRounds "11"]
[EventCountry "CZE"]
[SourceTitle "EXT 2024"]
[Source "ChessBase"]
[SourceDate "2023.10.10"]
[SourceVersion "1"]
[SourceVersionDate "2023.10.10"]
[SourceQuality "1"]
[WhiteTeam "Praha Oaza II"]
[BlackTeam "Ricany 1925"]
[WhiteTeamCountry "CZE"]
[BlackTeamCountry "CZE"]

1. e4 g6 2. d4 Nf6 3. e5 Nh5 4. Nf3 d6 5. Bc4 d5 6. Be2 Bg4 7. h3 Bxf3 8. Bxf3 Ng7 9. c4 c6 10. cxd5 cxd5 11. Qb3 e6 12. Qxb7 Nd7 13. Be2 Rc8 14. 0-0 Rc7 15. Qa6 Nf5 16. Qa4 Qh4 17. Bg4 Bh6 18. Nc3 0-0 19. g3 Qe7 20. Bxf5 Bxc1 21. Raxc1 Nb6 22. Qa6 gxf5 23. Ne2 Rfc8 24. Rxc7 Rxc7 25. Qd3 h6 26. Nf4 Qb4 27. b3 Rc3 28. Qd1 Rc8 29. Kh2 Kg7 30. g4 fxg4 31. hxg4 Rc3 32. Rg1 Kg8 33. g5 hxg5 34. Qh5 Kf8 35. Qxg5 Ke8 36. Qg8+ Qf8 37. Nxe6 Qxg8 38. Rxg8+ Ke7 39. Ng5 Rc2 40. Kg3 Rxa2 41. Rg7 Ra3 42. Rxf7+ Ke8 43. e6 Rxb3+ 44. Kg2 Nc8 45. Nh7 Ne7 46. Rf8# 1-0

[Event "CZE-chT2C 1920"]
[Site "Czech Republic"]
[Date "2019.12.15"]
[Round "5.1"]
[White "Starek, Stanislav"]
[Black "Karas, Marek"]
[Result "1/2-1/2"]
[WhiteElo "2217"]
[BlackElo "2225"]
[PlyCount "24"]
[EventDate "2019.10.13"]
[EventType "team-tourn"]
[EventRounds "11"]
[EventCountry "CZE"]
[SourceTitle "EXT 2024"]
[Source "ChessBase"]
[SourceDate "2023.10.10"]
[SourceVersion "1"]
[SourceVersionDate "2023.10.10"]
[SourceQuality "1"]
[WhiteTeam "Ricany 1925"]
[BlackTeam "Kobylisy II"]
[WhiteTeamCountry "CZE"]
[BlackTeamCountry "CZE"]

1. e4 e5 2. Nf3 Nc6 3. Bb5 a6 4. Bxc6 dxc6 5. 0-0 Bg4 6. h3 h5 7. c3 Qd3 8. hxg4 hxg4 9. Nxe5 Bd6 10. Nxd3 Bh2+ 11. Kh1 Bg3+ 12. Kg1 Bh2+ 1/2-1/2

[Event "CZE-chT2C 1920"]
[Site "Czech Republic"]
[Date "2019.12.01"]
[Round "4.2"]
[White "Starek, Stanislav"]
[Black "Jandourek, Lukas"]
[Result "1-0"]
[WhiteElo "2217"]
[BlackElo "2218"]
[PlyCount "117"]
[EventDate "2019.10.13"]
[EventType "team-tourn"]
[EventRounds "11"]
[EventCountry "CZE"]
[SourceTitle "EXT 2024"]
[Source "ChessBase"]
[SourceDate "2023.10.10"]
[SourceVersion "1"]
[SourceVersionDate "2023.10.10"]
[SourceQuality "1"]
[WhiteTeam "Ricany 1925"]
[BlackTeam "Neratovice II"]
[WhiteTeamCountry "CZE"]
[BlackTeamCountry "CZE"]

1. d4 d5 2. c4 c6 3. Nc3 Nf6 4. cxd5 cxd5 5. Bf4 Nc6 6. e3 Bf5 7. Qb3 Na5 8. Qa4+ Bd7 9. Qc2 Rc8 10. Bd3 b5 11. a3 Qb6 12. Nge2 e6 13. 0-0 Be7 14. Rac1 0-0 15. Be5 h6 16. Nf4 Rfd8 17. Qe2 Nc4 18. Bxf6 Bxf6 19. Nh5 Be7 20. Qg4 Bf8 21. Nf6+ Kh8 22. Ncxd5 Qd6 23. Nxd7 Qxd7 24. Bxc4 bxc4 25. Nc3 Qb7 26. Rc2 Qb3 27. Rfc1 Kg8 28. Qe2 Rc6 29. Ne4 Rdc8 30. Nc5 Bxc5 31. Rxc4 Bxd4 32. Rxc6 Rxc6 33. Rxc6 Bxb2 34. Rc8+ Kh7 35. Qc2+ Qxc2 36. Rxc2 Bxa3 37. Rc7 Kg8 38. Rxa7 Bd6 39. Kf1 h5 40. h3 g6 41. Ke2 Kg7 42. Rd7 Bb4 43. Kf3 Kf6 44. Ke4 Be1 45. Rd1 Bc3 46. g4 hxg4 47. hxg4 Ke7 48. g5 Bb2 49. Rb1 Bc3 50. Rb7+ Ke8 51. f4 Kf8 52. Kd3 Ba1 53. Rb1 Bg7 54. e4 f6 55. Rb8+ Kf7 56. Rb7+ Kf8 57. gxf6 Bxf6 58. Kc4 Bh4 59. Kc5 1-0

[Event "CZE-chT2C 1920"]
[Site "Czech Republic"]
[Date "2019.11.17"]
[Round "3.1"]
[White "Starek, Stanislav"]
[Black "Jirovsky, Pavel"]
[Result "1/2-1/2"]
[WhiteElo "2217"]
[BlackElo "2320"]
[PlyCount "40"]
[EventDate "2019.10.13"]
[EventType "team-tourn"]
[EventRounds "11"]
[EventCountry "CZE"]
[SourceTitle "EXT 2024"]
[Source "ChessBase"]
[SourceDate "2023.10.10"]
[SourceVersion "1"]
[SourceVersionDate "2023.10.10"]
[SourceQuality "1"]
[WhiteTeam "Ricany 1925"]
[BlackTeam "Kolin"]
[WhiteTeamCountry "CZE"]
[BlackTeamCountry "CZE"]

1. e4 d5 2. exd5 Qxd5 3. Nc3 Qd6 4. d4 Nf6 5. Nf3 c6 6. Ne5 Nbd7 7. Nc4 Qc7 8. a4 Nb6 9. Ne5 a5 10. Bf4 Qd8 11. Qf3 g6 12. d5 c5 13. Bb5+ Nbd7 14. Ne4 Bg7 15. Nxc5 0-0 16. Nexd7 Nxd7 17. Bxd7 Bxd7 18. Qb3 Bf5 19. 0-0 Bxc2 20. Qxb7 Qc8 1/2-1/2

[Event "Prague Menchik Memorial rapid"]
[Site "Prague"]
[Date "2019.06.09"]
[Round "2"]
[White "Starek, Stanislav"]
[Black "Neuman, Petr"]
[Result "0-1"]
[WhiteElo "2217"]
[BlackElo "2395"]
[PlyCount "52"]
[EventDate "2019.06.09"]
[EventType "swiss (rapid)"]
[EventRounds "9"]
[EventCountry "CSR"]
[SourceTitle "CBM 190 Extra"]
[Source "ChessBase"]
[SourceDate "2019.07.15"]
[SourceVersion "1"]
[SourceVersionDate "2019.07.15"]
[SourceQuality "1"]

1. e4 c5 2. Nf3 d6 3. d4 cxd4 4. Nxd4 Nf6 5. Nc3 Nc6 6. Be3 Ng4 7. Bc1 Qb6 8. Bb5 Bd7 9. 0-0 Qxd4 10. Bxc6 Qxd1 11. Bxd7+ Kxd7 12. Rxd1 Kc6 13. Ne2 a6 14. c4 g6 15. f3 Ne5 16. b3 Bg7 17. Rb1 Nd7 18. Bb2 Bxb2 19. Rxb2 Rhc8 20. Kf2 b5 21. Rc1 Ne5 22. cxb5+ Kd7 23. Rxc8 Rxc8 24. Ke3 axb5 25. a4 bxa4 26. bxa4 Nc4+ 0-1

[Event "CZE-chT2A 1819"]
[Site "Czech Republic"]
[Date "2019.02.24"]
[Round "9.3"]
[White "Starek, Stanislav"]
[Black "Vorisek, Jaroslav"]
[Result "1-0"]
[WhiteElo "2189"]
[BlackElo "2214"]
[PlyCount "55"]
[EventDate "2018.10.14"]
[EventType "team-tourn"]
[EventRounds "11"]
[EventCountry "CZE"]
[SourceTitle "EXT 2022"]
[Source "ChessBase"]
[SourceDate "2021.10.06"]
[SourceVersion "1"]
[SourceVersionDate "2021.10.06"]
[SourceQuality "1"]
[WhiteTeam "Ricany"]
[BlackTeam "Praha Bohemians"]
[WhiteTeamCountry "CZE"]
[BlackTeamCountry "CZE"]

1. d4 f5 2. Nc3 d5 3. Bg5 g6 4. e3 Bg7 5. Qf3 c6 6. h4 Nd7 7. Nh3 Ndf6 8. Bd3 Nh6 9. Nf4 Nf7 10. 0-0-0 Qd6 11. Bxf6 Bxf6 12. Rhe1 Bxh4 13. g3 Bg5 14. Kb1 0-0 15. Rh1 e5 16. dxe5 Nxe5 17. Qg2 Be6 18. Be2 Bf6 19. Qh3 Rf7 20. e4 Re8 21. exd5 Bxd5 22. Ncxd5 cxd5 23. Nxd5 Bh8 24. f4 Nd7 25. Bc4 h5 26. Ne3 Qc6 27. Bxf7+ Kxf7 28. Nxf5 1-0